000 00366nam a2200133Ia 4500
008 220217s9999||||xx |||||||||||||| ||und||
020 _a81-265-0830-2
082 _a004.33 LIU
100 _aLaplante,Phillip
245 0 _aReal time systems design analysis
260 _aPrenice hall of India
_bDelhi
_c2007
300 _b349
650 _aCOMPUTER ARCHITECTURE
999 _c177387
_d177387